Statistics for Countries Losing the Most Population by 2070

Click here to take the quiz!

General Stats

  • This quiz has been taken 34,421 times
    (10,446 since last reset)
  • The average score is 13 of 20

Answer Stats

Loss % Country % Correct
36.0 m28Japan
94%
181 m13China
93%
16.7 m11Russia
90%
7.32 m8.7Germany
84%
13.6 m23Italy
82%
8.73 m19Spain
80%
12.7 m25South Korea
74%
9.05 m24Poland
74%
14.0 m32Ukraine
73%
2.67 m26Greece
71%
2.23 m22Portugal
66%
5.11 m27Romania
66%
2.46 m25Bulgaria
61%
2.00 m21Hungary
58%
2.87 m33Serbia
57%
1.44 m15Belarus
57%
4.30 m18Taiwan
51%
12.5 m18Thailand
42%
2.71 m24Cuba
19%
1.57 m7.3Sri Lanka
14%

Score Distribution

Percentile by Number Answered

Percent of People with Each Score

Your Score History

You have not taken this quiz since the last reset